| 000 | 00944cam a22002411 4500 | ||
|---|---|---|---|
| 001 | l 26000275 | ||
| 003 | DLC | ||
| 005 | 20260227111530.0 | ||
| 008 | 890630s1926 dcub f000 0 eng c | ||
| 010 | _al 26000275 | ||
| 035 | _a(OCoLC)19953819 | ||
| 040 |
_aU.S. Dept. of Labor. Library _cMiDW _dMiDW _dOCoLC _dDLC |
||
| 050 | 0 | 0 |
_aHV741 _b.A32 no. 162 |
| 100 | 1 | _aLundberg, Emma Octavia. | |
| 245 | 1 | 0 |
_aPublic aid to mothers with dependent children, _bextent and fundamental principles, _cby Emma O. Lundberg ... |
| 260 |
_aWashington, _bGovt. Print. Off., _c1926. |
||
| 300 |
_aiii, 18 p. incl. maps. _c23 cm. |
||
| 490 | 1 |
_aBureau publication, _vno. 162 |
|
| 500 | _aAt head of title: U.S. Department of Labor. James J. Davis, secretary. Children's bureau. Grace Abbott, chief. | ||
| 650 | 0 |
_aChild welfare _zUnited States. |
|
| 650 | 0 | _aMothers' pensions. | |
| 830 | 0 |
_aBureau publication (United States. Children's Bureau) ; _vno. 162 |
|
| 999 |
_c35834 _d35834 |
||